00600 2200205 4500001002100000005001500021035002000036007000300056008004100059020002200100082001000122084001700132100001700149245008200166250003000248260003800278300004500316650001700361990001600378INLIS00000000000452920260423013747 a0010-0426000054ta260423 g 0 ind  a978-979-1362-04-7 a635.6 a635.6 NEN a0 aNeni Suhaeni1 aPetunjuk Praktis Menanam Alpokat /cNeni Suhaeni (Penulis); Adiel MT (Editor) acetakan II, Februari 2016 aBandung :bNuansa Cendekia,c2022 a52 Hal :bteks, gambar, diagram ;c21 cm 4abuah--buahan a00000006341